000 00565 a2200181 4500
001 142763
040 _cLeonardo Da Vinci
041 _aPortuguês
082 _aAP510 A229m
_bA229m
100 _aAGUIAR FILHO, Roberto Benedito
_aPAIVA, Manoel Rodrigues
_aEL JAMAL, Roberto Miguel
_aTEIXEIRA, José Carlos
245 _aMatemática 5 - Trigonometria
250 _a2.ed. LTC
260 _bAnglo
_c1991
_aSão Paulo
300 _a74
362 _a19910000
697 _aMatemática
_aTrigonometria
_aArco
_aSeno
_aTangente
_aFunção Trigonométrica
_aLTC
942 _cBK
999 _c142763
_d142763